000 00237nam a2200085 4500
999 _c524464
_d524464
082 _aG1x54 In2m/2019
245 _aMembers of seventeenth lok sabha: a brief introduction
260 _aNew Delhi
_bLok Sabha Secretariat
_c2019
300 _a332p.